Innovations : A course in natural English : Teacher's resource book
Сохранить в:
| Формат: | |
|---|---|
| Язык: | Undetermined |
| Опубликовано: |
London. UK
Thomson
2005
|
| Предметы: | |
| Метки: |
Добавить метку
Нет меток, Требуется 1-ая метка записи!
|
| Thư viện lưu trữ: | Trung tâm Học liệu Trường Đại học Cần Thơ |
|---|
| LEADER | 00653nam a2200217Ia 4500 | ||
|---|---|---|---|
| 001 | CTU_96260 | ||
| 008 | 210402s9999 xx 000 0 und d | ||
| 020 | |c 477000 | ||
| 082 | |a 428.0071 | ||
| 082 | |b I.58 | ||
| 245 | 0 | |a Innovations : | |
| 245 | 2 | |b A course in natural English : Teacher's resource book | |
| 245 | 0 | |c Hugh Dellar, Andrew Walkley, Morgan Lewis | |
| 260 | |a London. UK | ||
| 260 | |b Thomson | ||
| 260 | |c 2005 | ||
| 650 | |a English language,English language | ||
| 650 | |x Study and teaching | ||
| 650 | |y Textbooks for foreign speakers | ||
| 904 | |i Hiếu, Huỳnh Mai | ||
| 980 | |a Trung tâm Học liệu Trường Đại học Cần Thơ | ||